000
00461nam a2200181Ia 4500
008
090124s9999 xx 000 0 und d
082
_b
27450
_a
3621
100
_a
टिळक ज. श्री.
245
_a
वारसा
250
_a
1
260
_c
1993
300
_a
134
600
_a
टिळक ज. श्री.
630
_a
वारसा
700
_a
टिळक ज. श्री.
730
_a
वारसा
942
_c
BOOK
999
_c
140916
_d
140916